Truyền thông đại chúng với khoa học - công nghệ và quản trị toàn cầu, quản trị địa phương /

Guardado en:
Detalles Bibliográficos
Autor principal: Lê Thanh Bình, PGS.TS.
Formato: Artículo
Lenguaje:Vietnamese
Materias:
Etiquetas: Agregar Etiqueta
Sin Etiquetas, Sea el primero en etiquetar este registro!
Thư viện lưu trữ: Thư viện Trường Đại học Đà Lạt
LEADER 00871nam a2200265 4500
001 DLU100111641
005 ##20100913
040 # # |a DLU  |b vie 
041 # # |a vie 
044 # # |a vn 
100 # # |a Lê Thanh Bình,   |c PGS.TS. 
245 # # |a Truyền thông đại chúng với khoa học - công nghệ và quản trị toàn cầu, quản trị địa phương /  |c Lê Thanh Bình. 
653 # # |a Công nghệ thông tin 
653 # # |a Quản trị mạng 
653 # # |a Toàn cầu hóa 
773 # # |t Tạp chí Công nghệ thông tin và truyền thông  |g Số 12,kỳ 2, 2008, tr. 18-24 
920 # # |a Phòng Tạp chí -- Trung tâm Thông tin - Thư viện Trường Đại học Đà Lạt 
994 # # |a DLU 
900 # # |a True 
911 # # |a Nguyễn Thị Linh Chi 
925 # # |a G 
926 # # |a A 
927 # # |a BB 
980 # # |a Thư viện Trường Đại học Đà Lạt